|
|
|
|
| LEADER |
00000nab a2200000 a 4500 |
| 001 |
vtls000902521 |
| 003 |
SK-MaSNL |
| 005 |
20260302175840.0 |
| 008 |
040720e19981229xo 0 slo |
| 035 |
|
|
|a KE11494
|
| 040 |
|
|
|a KEVKJB
|b slo
|c KEVKJB
|e AACR2
|
| 041 |
0 |
|
|a slo
|
| 044 |
|
|
|a xo
|c SK
|
| 080 |
|
|
|a 341.71
|2 1981
|
| 100 |
1 |
|
|a Macko, Boris
|4 aut
|9 857682
|
| 245 |
1 |
0 |
|a Viac pozornosti spolupráci regiónov
|b Hovoríme s generálnym konzulom Českej republiky v Košiciach JUDr. Ing. Josefom Byrtusom
|
| 610 |
2 |
7 |
|a Generálny konzulát Českej republiky, Košice
|2 KEVKJB
|9 877291
|
| 610 |
2 |
7 |
|a Konzulát Českej republiky
|2 KEVKJB
|9 877292
|
| 650 |
0 |
7 |
|a zastupiteľské úrady
|2 KEVKJB
|9 1253
|
| 650 |
0 |
7 |
|a spolupráca euroregiónov
|2 KEVKJB
|9 887973
|
| 650 |
0 |
7 |
|a partnerské vzťahy
|2 KEVKJB
|9 2250
|
| 650 |
0 |
7 |
|a rozhovory
|2 KEVKJB
|9 453585
|
| 651 |
|
7 |
|a Košice (Slovensko)
|2 KEVKJB
|9 18694
|
| 651 |
|
7 |
|a KE,
|2 KEVKJB
|9 877256
|
| 655 |
|
7 |
|a periodikum
|2 snkbucl
|9 29553
|
| 700 |
1 |
0 |
|a Byrtus, Josef
|4 aut
|9 527867
|
| 710 |
2 |
|
|a Generálny konzulát Českej republiky, Košice
|4 aut
|9 877291
|
| 773 |
0 |
8 |
|t Košický večer
|g Roč. 9
|g Roč. 30, č.249, 29.12.1998, s. 1,2
|
| 852 |
|
|
|a ZVYKNI
|b KIS3GCP
|
| 999 |
|
|
|c 1408511
|d 1410441
|